Современные проблемы радиобиологии

Bibliographic Details
Other Authors: Кузин А. М. (редактор)
Language:Russian
Published: Москва, Атомиздат, 1971
Format: MixedMaterials Book
KOHA link:https://koha.lib.tpu.ru/cgi-bin/koha/opac-detail.pl?biblionumber=119387

MARC

LEADER 00000nam1a2200000 4500
001 119387
005 20231031124532.0
035 |a (RuTPU)RU\TPU\book\129216 
090 |a 119387 
100 |a 20070703d1971 k y0rusy50 ca 
101 0 |a rus 
102 |a RU 
200 1 |a Современные проблемы радиобиологии  |f под ред. А. М. Кузина 
210 |a Москва  |c Атомиздат  |d 1971 
675 |a 57.04  |v 3 
702 1 |a Кузин  |b А. М.  |4 340 
801 1 |a RU  |b 63413507  |c 20070703  |g PSBO 
942 |c BK